| 000 | 02734cam a22006974i 4500 | ||
|---|---|---|---|
| 003 | PE-LiUPU | ||
| 005 | 20250731170409.0 | ||
| 008 | 100512s2010 sp a rb 000 0 spa d | ||
| 020 | _a9788436823639 | ||
| 035 | _a(Sirsi) i9788436823639 | ||
| 040 |
_aPE-LiUPU _bspa _cPE-LiUPU _erda |
||
| 049 | _aPRUA | ||
| 080 | _a612.821.3 | ||
| 082 | 0 | 4 |
_a155.232 _bB39 |
| 082 | 0 | 4 |
_a155.232 _bB39 2010 |
| 100 | 1 |
_aBernal Santacreu, María Consuelo, _eautor. |
|
| 245 | 0 | 0 |
_aPsicobiología de la violencia / _cMaría Consuelo Bernal Santacreu [y otros doce] ; editor y coordinador, Luis Moya Albiol. |
| 264 | 1 |
_aMadrid : _bPirámide, _c2010. |
|
| 300 |
_a220 páginas : _bilustraciones ; _c24 centímetros. |
||
| 336 |
_atext _2rdacontent |
||
| 337 |
_aunmediated _2rdamedia |
||
| 338 |
_avolume _2rdacarrier |
||
| 490 | 0 | _aColección "Psicología" | |
| 500 | _aEn la cubierta: "Adaptado EEES". | ||
| 504 | _aIncluye referencias bibliográficas. | ||
| 505 | 0 | _aDefinición y tipología de la agresión y violencia --El cerebro violento -- Consecuencias neurobiológicas del maltrato infantil -- Cerebro y empatía: ¿la otra cara de la moneda? -- Serotonina y violencia. | |
| 526 | _aSEG68 | ||
| 526 | _aSEG70 | ||
| 526 | _aSEG69 | ||
| 526 | _aSEG67 | ||
| 526 | _aSEG43 | ||
| 526 | _aP144 | ||
| 526 | _aP143 | ||
| 526 | _aP131 | ||
| 526 | _aP122 | ||
| 526 | _aP120 | ||
| 526 | _aP117 | ||
| 526 | _aP112 | ||
| 526 | _aP110 | ||
| 526 | _aP106 | ||
| 526 | _aP101 | ||
| 526 | _aP80 | ||
| 526 | _aP59 | ||
| 526 | _aP54 | ||
| 526 | _aP35 | ||
| 526 | _aP33 | ||
| 526 | _aP30 | ||
| 650 | 7 |
_aAgresividad _xAspectos fisiológicos. _2embne |
|
| 650 | 1 | 4 | _aPsicobiología. |
| 700 | 1 |
_aMoya Albiol, Luis, _d1971- , _eeditor y coordinador. |
|
| 910 |
_ajck _cng |
||
| 942 |
_2ddc _cBOOK |
||
| 949 |
_a153.1 M89 2010 _wDEWEY _c1 _iFJ03320 _lCCODEBUJ1 _mBUJ _p25.00 _r0 _sY _tBOOK _u2015-10-16 _xSALUD _PP33 _0COMPRA _o.STAFF. Colección General Juliaca |
||
| 949 |
_a155.232 B39 _wDEWEY _c1 _i70280 _d2016-8-24 _e2016-8-24 _lCCODEBUL1 _mBUL _n2 _p25.00 _r0 _sY _tBOOK _u2015-7-30 _xSALUD _PP33 _0COMPRA _o.STAFF. Colección General |
||
| 994 |
_aC0 _bPEPRU |
||
| 596 | _a1 3 | ||
| 999 |
_a155.232 B39 _wDEWEY _c6574 _i70280 _d6574 _e2018-5-30 _f2021-11-3 _g5 _lCCODEBUL1 _mBUL _n4 _p25.00 _r0 _sY _tBOOK _u2015-7-30 _xSALUD _PP33 _0COMPRA _o.STAFF. Colección Ciencias de la Salud |
||
| 999 |
_a153.1 M89 2010 _wDEWEY _c1 _iFJ03320 _d2019-11-21 _e2019-11-19 _f2022-1-17 _g4 _lCCODEBUJ1 _mBUJ _n2 _p25.00 _q6 _r0 _sY _tBOOK _u2015-10-16 _xSALUD _PP33 _0COMPRA _o.STAFF. Colección General Juliaca |
||
| 980 |
_81 _gALBERTO SANCHEZ Responsable de Automatización |
||